|
|
|
|
| LEADER |
01134nam a22003132a 4500 |
| 001 |
000175336 |
| 003 |
CZ BrMZK |
| 005 |
20150612094601.0 |
| 007 |
ta |
| 008 |
950101s1955 xr f cze d |
| 015 |
|
|
|a cnb000720570
|
| 035 |
|
|
|a (OCoLC)42016385
|
| 040 |
|
|
|a ABD005
|b cze
|c ABD005
|d ABD005
|d ABD064
|d BOA001
|
| 100 |
1 |
|
|a Strnad, Emanuel,
|d 1894-1985
|7 jk01121439
|4 aut
|
| 245 |
1 |
0 |
|a Vlastenecký učitel :
|b dokumenty a materiály k vývoji učitele v době obrození /
|c Emanuel Strnad
|
| 250 |
|
|
|a 1. vyd.
|
| 260 |
|
|
|a Praha :
|b Státní pedagogické nakladatelství,
|c 1955
|
| 300 |
|
|
|a 277 s., 16 s. příl.
|
| 648 |
|
7 |
|a 18.-19. století
|7 ch757018
|2 czenas
|
| 650 |
0 |
7 |
|a národní obrození
|7 ph123437
|2 czenas
|
| 650 |
0 |
7 |
|a pedagogové
|7 ph137912
|y 18.-19. stol.
|z Česko
|2 czenas
|
| 650 |
0 |
7 |
|a pedagogika
|7 ph115703
|2 czenas
|
| 650 |
0 |
7 |
|a školství
|7 ph116829
|2 czenas
|
| 655 |
|
7 |
|a monografie
|7 fd132842
|2 czenas
|
| 651 |
|
7 |
|a Česko
|7 ge128065
|2 czenas
|
| 910 |
|
|
|a BOA001
|b 2-0348.592
|
| 990 |
|
|
|a BK
|
| 991 |
|
|
|b 201411
|
| 996 |
6 |
|
|b 2619943825
|c 2-0348.592
|l MZK
|r Sklad / do 24 hodin
|n 20
|w 000175336
|u 000010
|a 1
|e BOA001
|j MZK50
|s P
|